000 00734nam a2200205Ia 4500
003 GCL
008 140319s9999 xx 000 0 ara d
040 _aGCL /
_cGCL
082 0 4 _a791.43
_bس ح
100 1 _aسمير فريد
245 1 0 _aحلقة البحث الثانية تاريخ السينما العربية الصامتة /
_cسمير فريد
700 1 _aالاتحاد العام للفنانين العرب
260 _a[S.N] :
_bالاتحاد العام للفنانين العرب ،
_c1994
300 _a213ص
490 _aالعيد المئوى للسينما (1995_1996)
_v0
650 0 4 _aالسينما
650 0 4 _aالسينما الصامتة
650 0 4 _aتاريخ ونقد
942 _2ddc
_cBK
999 _c35655
_d35655